Biometric technology for human identification III : 17-18 April 2006, Kissimmee, Florida, USA /

Bibliographic Details
Corporate Author: Society of Photo-optical Instrumentation Engineers
Other Authors: Flynn, P. J. (Patrick J.), Pankanti, Sharath
Format: Book
Language:English
Published: Bellingham, Washington : SPIE, [2006]
Series:Proceedings of SPIE--the International Society for Optical Engineering ; v. 6202.
Subjects:

MARC

Tag First Indicator Second Indicator Subfields
LEADER 00000cam a2200000 a 4500
001 in00002184113
005 20151104061057.0
008 060517s2006 waua b 101 0 eng d
020 |a 0819462586 
035 |a (OCoLC)ocm68922863 
040 |a UNA  |c UNA  |d TXA  |d UtOrBLW 
049 |a TXAM 
090 |a TK7882.B56  |b B57 2006 
245 0 0 |a Biometric technology for human identification III :  |b 17-18 April 2006, Kissimmee, Florida, USA /  |c Patrick J. Flynn, Sharath Pankanti, chairs/editors ; sponsored and published by SPIE--the International Society for Optical Engineering. 
246 3 0 |a Biometric technology for human identification three 
246 3 |a Biometric technology for human identification 3 
264 1 |a Bellingham, Washington :  |b SPIE,  |c [2006] 
264 4 |c ©2006 
300 |a 1 volume (various pagings) :  |b illustrations ;  |c 28 cm. 
336 |a text  |b txt  |2 rdacontent 
337 |a unmediated  |b n  |2 rdamedia 
338 |a volume  |b nc  |2 rdacarrier 
490 1 |a Proceedings / SPIE--the International Society for Optical Engineering ;  |v v. 6202 
504 |a Includes bibliographical references and index. 
650 0 |a Biometric identification  |v Congresses. 
650 0 |a Identification  |x Automation  |v Congresses. 
650 0 |a Computer vision  |v Congresses. 
700 1 |a Flynn, P. J.  |q (Patrick J.) 
700 1 |a Pankanti, Sharath. 
710 2 |a Society of Photo-optical Instrumentation Engineers. 
830 0 |a Proceedings of SPIE--the International Society for Optical Engineering ;  |v v. 6202. 
948 |a cataloged  |b h  |c 2006/7/19  |d c  |e dmitchel  |f 10:20:30 am 
994 |a C0  |b TXA 
999 |a MARS 
999 f f |s 05e5f31a-c485-34b4-9b43-e3a964faf72a  |i e9d069cb-df9a-3881-adb0-2af8bf318840  |t 0 
952 f f |p ric  |a Texas A&M University  |b Rellis Campus  |c Joint Library Facility  |d Remote Storage  |t 0  |e TK7882.B56 B57 2006  |h Library of Congress classification  |i unmediated -- volume  |m A14834581124 
998 f f |a TK7882.B56 B57 2006  |t 0  |l Remote Storage